书目信息 |
| 题名: |
高级英语阅读
|
|
| 作者: | 李家荣 , 刘玉珍 主编 | |
| 分册: | 自然科学篇 | |
| 出版信息: | 天津 天津大学出版社 2006.04 |
|
| 页数: | 288页 | |
| 开本: | 23cm | |
| 丛书名: | ||
| 单 册: | ||
| 中图分类: | H319.4 | |
| 科图分类: | ||
| 主题词: | 英语--ying yu--阅读教学--高等学校--教材 | |
| 电子资源: | ||
| ISBN: | 7-5618-2266-9 | |
| 000 | 01054nam0 2200265 450 | |
| 001 | 012006990141 | |
| 005 | 20060922165106.55 | |
| 010 | @a7-5618-2266-9@dCNY28.00 (含光盘) | |
| 100 | @a20060705d2006 km y0chiy0120 ea | |
| 101 | 0 | @achi@aeng |
| 102 | @aCN@b120000 | |
| 105 | @ay z 000yy | |
| 200 | 1 | @a高级英语阅读@Agao ji ying yu yue du@d= Advanced English reading,natural science studies@i自然科学篇@f李家荣, 刘玉珍主编@Fli jia rong,liu yu zhen zhu bian@zeng |
| 210 | @a天津@c天津大学出版社@d2006.04 | |
| 215 | @a288页@d23cm@e光盘1片 | |
| 307 | @a光盘 ISBN : 7-900679-27-8 | |
| 330 | @a本书包括数学、物理学、化学、医学、天文、航天、生命科学、环境学等领域的研究。本书由十三个单元组成,每个单元涉及一个研究领域。 | |
| 510 | 1 | @aAdvanced English reading,natural science studies@zeng |
| 517 | 1 | @a自然科学篇@Azi ran ke xue pian |
| 606 | 0 | @a英语@Aying yu@x阅读教学@x高等学校@j教材 |
| 690 | @aH319.4@v4 | |
| 701 | 0 | @a李家荣@Ali jia rong@4主编 |
| 701 | 0 | @a刘玉珍@Aliu yu zhen@4主编 |
| 801 | 0 | @aCN@c20060922 |
| 905 | @a10447@dH319.4@eL185 | |
| 高级英语阅读= Advanced English reading,natural science studies.自然科学篇/李家荣, 刘玉珍主编.-天津:天津大学出版社,2006.04 |
| 288页;23cm+光盘1片 |
| ISBN 7-5618-2266-9:CNY28.00 (含光盘) |
| 本书包括数学、物理学、化学、医学、天文、航天、生命科学、环境学等领域的研究。本书由十三个单元组成,每个单元涉及一个研究领域。 |
| ● |
| 相关链接 |
|
|
|
正题名:高级英语阅读
索取号:H319.4/L185
 
预约/预借
| 序号 | 登录号 | 条形码 | 馆藏地/架位号 | 状态 | 备注 |
| 1 | 592780 | 205927808 | 语言库209/209语言库 46排6列2层/ [索取号:H319.4/L185] | 在馆 | |
| 2 | 592781 | 205927817 | 语言库209/209语言库 46排6列2层/ [索取号:H319.4/L185] | 在馆 | |
| 3 | 592782 | 205927826 | 语言库209/209语言库 46排6列2层/ [索取号:H319.4/L185] | 在馆 | |
| 4 | 592783 | 205927835 | 语言库209/209语言库 46排6列2层/ [索取号:H319.4/L185] | 在馆 | |
| 5 | 592784 | 205927844 | 语言库209/209语言库 46排6列2层/ [索取号:H319.4/L185] | 在馆 |